Chef d'Etat ou gouverneur d'un pays - Statistiques

Statistiques générales
  • Ce quiz a été pris 72 fois
  • Le résultat moyen est 16 sur 20
Statistiques - réponses
Question Tuile Select % Correct
Alexandre Loukachenko Arménie Non
95%
Alexandre Loukachenko Géorgie Non
91%
Emomalii Rahmon Kirghizistan Non
91%
Alassane Ouattara Ghana Non
89%
Alexandre Loukachenko Moldavie Non
89%
Allen Michael Chastanet Barbade Non
88%
Alassane Ouattara Bénin Non
88%
Peter Mutharika Rwanda Non
88%
Alassane Ouattara Togo Non
88%
Peter Mutharika Burundi Non
85%
Emomalii Rahmon Turkménistan Non
85%
Allen Michael Chastanet Saint-Christophe-et-Niévès Non
82%
Emomalii Rahmon Ouzbékistan Non
77%
Peter Mutharika Ouganda Non
74%
Alexandre Loukachenko Biélorussie Oui
73%
Alassane Ouattara Côte d'Ivoire Oui
64%
Allen Michael Chastanet Saint-Vincent-et-les-Grenadines Non
64%
Emomalii Rahmon Tadjikistan Oui
55%
Peter Mutharika Malawi Oui
53%
Allen Michael Chastanet Sante Lucie Oui
35%
Aucun quiz correspondant
Distribution des résultats
% des personnes avec chaque résultat
Percentile par nombre de réponses
Votre historique - résultats
Vous n’avez pas pris ce quiz